000 00559 a2200181 4500
999 _c835
_d835
020 _a9780007498826
050 _aHM51 HAR 2013
100 _aHaralambos, Michael
_eauthor
245 _aSociology :
_bthemes and perspectives /
_cHaralambos & Holborn
250 _a8th ed.
264 _aLondon :
_bHarperCollins,
_c2013
300 _a1092p. :
_bill. (some col.)
500 _aIncludes bibliographical references and index
650 _aSociology
650 _aSociology
_xTextbooks
700 _aHolborn, Martin
_eauthor
942 _2lcc
_cBK
_e8th ed.
_h51
_iHAR
_kHM